000 00702nam a2200289Ia 4500
005 20260324115835.0
008 008 260324s9999 xx 000 0 eng d
020 _a9781315181455
037 _aEBOOK
040 _aCRL
040 _beng
040 _cCRL
041 _2eng
041 _aeng
084 _qCRL
100 _aDebashis Sarkar
_91156210
245 0 _aBuilding a Lean Service Enterprise
245 0 _bReflections of a Lean Management Practitioner
260 _bTaylor and Francis
260 _c2016
365 _a
365 _b70.99
856 _uhttp://www.taylorfrancis.com/books/9781315181455
942 _cEBOOK
999 _c1747387
_d1747387